| 000 | 00910nam a22002537a 4500 | ||
|---|---|---|---|
| 005 | 20080828095541.0 | ||
| 008 | 080828t xxu||||| |||| 00| 0 eng d | ||
| 010 | _aENG-90782 | ||
| 020 |
_a8171324037 _c550.00 |
||
| 035 | _aEN-74315 | ||
| 037 | _bDBAD / PUB | ||
| 040 | _aDPL | ||
| 082 | _a155.5 | ||
| 100 | _aMehta, Manju | ||
| 245 |
_aAdolescent psychology in dual children families / _cby Manju Mehta [and] Rati Singh |
||
| 260 |
_aJaipur _bPointer Publishers _c2005 |
||
| 270 |
_aVyas Building, S.M.S. highway _bjaipur _e302003 |
||
| 300 |
_aix, 217p. _c22 cm.(Hb) |
||
| 500 | _aIncludes bibliographical references | ||
| 650 | _aAdolescent psychology | ||
| 700 | _aSingh, Rati | ||
| 942 |
_2ddc _cEN _h155.5 _mMEH |
||
| 999 |
_c15170 _d15170 |
||